000 00490nam a2200145 a 4500
001 000038551
005 20201002031308.0
008 130415s2001 ck 000 0 spa d
020 _a3323586
040 _aDO-SdBNP
_bspa
_cBNPHU
245 0 0 _aUtilización de la caña de azúcar y sus derivados en la alimentación porcina /.
260 _aBogotá :
_bAsociación Colombiana de Porcicultores,
_c2001.
300 _a152 p. ;
_c29 cm.
710 1 _aAsociación Colombiana de Porcicultores
_964888
999 _c38041
_d38041